The Japanese Advantage? / The It Battleground in Europe (Record no. 852)
[ view plain ]
| 000 -LEADER | |
|---|---|
| fixed length control field | 01256cam a22002054a 4500 |
| 005 - ΗΜΕΡΟΜΗΝΙΑ ΚΑΙ ΩΡΑ ΤΕΛΕΥΤΑΙΑΣ ΕΝΗΜΕΡΩΣΗΣ | |
| Πεδίο ελέγχου | 20250605163947.0 |
| 008 - FIXED-LENGTH DATA ELEMENTS--GENERAL INFORMATION | |
| Πεδίο ελέγχου σταθερού μήκους | 250528s ||||||||||||||||||||||||d |
| 035 ## - SYSTEM CONTROL NUMBER | |
| System control number | 15259 |
| 020 ## - ISBN | |
| ISBN | 750619341 |
| 040 ## - ΠΗΓΗ ΚΑΤΑΛΟΓΟΓΡΑΦΗΣΗΣ | |
| Φορέας πρωτότυπης καταλογογράφησης | MC Athens Campus Library |
| Γλώσσα καταλογογράφησης | Ελληνικά, Μοντέρνα (1453-) |
| Modifying agency | MC Athens Campus Library |
| Κανόνες περιγραφικής καταλογογράφησης | AACR2 |
| 245 1# - ΤΙΤΛΟΣ ΚΑΙ ΔΗΛΩΣΗ ΥΠΕΥΘΥΝΟΤΗΤΑΣ | |
| Τίτλος | The Japanese Advantage? / The It Battleground in Europe |
| 260 ## - PUBLICATION, DISTRIBUTION, ETC. | |
| Name of publisher, distributor, etc. | Butterworth Heinemann, |
| Date of publication, distribution, etc. | 1995 |
| 300 ## - PHYSICAL DESCRIPTION | |
| Extent | 246 |
| 520 ## - SUMMARY, ETC. | |
| Summary, etc. | This book is of great interest to IT strategists and managers, as well as to MBA-level students and management academics with an interest in this fast-moving and dynamic area. Preface, Acknowledgements, Setting the Scene, Competition Between Japanese and Western Organizations, The Strategic Role of Information Technology, Japanese Culture and Japanese Management, Case Studies, All Nippon Airways Ltd, Daiwa Europe Ltd, Hitachi Europe Ltd, JVC (UK) Ltd, Kobe Steel Europe Ltd, Nissan Motor (GB) Ltd, Nissan Motor Manufacturing (UK) Ltd, Sony (UK) Ltd, Toshiba Information Systems (UK) Ltd, Weighing the Evidence, Japanese Management of IT, The Business Impact and Strategic Use of IT, Head Office Control, Eclipsing the Sun?, Index. |
| 700 1# - ΠΡΟΣΘΕΤΗ ΑΝΑΓΡΑΦΗ--ΦΥΣΙΚΟ ΠΡΟΣΩΠΟ | |
| Personal name | Hunt Brian |
| 9 (RLIN) | 1151 |
| 700 1# - ΠΡΟΣΘΕΤΗ ΑΝΑΓΡΑΦΗ--ΦΥΣΙΚΟ ΠΡΟΣΩΠΟ | |
| Personal name | Targett David |
| 9 (RLIN) | 1152 |
| 942 ## - ADDED ENTRY ELEMENTS (KOHA) | |
| Koha item type | Books |
| Τύπος τεκμηρίου | Βιβλιοθήκη | Τρέχουσα τοποθεσία | Barcode | Αριθμός εισαγωγής | Ημερομηνία απόκτησης | Ταξιθετικό σύμβολο | Αριθμός αντιτύπου | Κατάσταση απόσυρσης | Κατάσταση χαμένου | Κατάσταση κατεστραμμένου | Μη δανεισμός | Σύνολο δανεισμών | Ημερομηνία τελευταίας εμφάνισης | Η τιμή ισχύει από |
|---|---|---|---|---|---|---|---|---|---|---|---|---|---|---|
| Books | MC Athens Campus Library | MC Athens Campus Library | 9780000008510 | 1503 | 05/06/2025 | 658.050952 HUN | 1 | 05/06/2025 | 05/06/2025 |